000 03326nam a2200337 a 4500
001 000046027
003 DO-SdBNP
005 20250130122532.0
007 ta
008 150611s2011 pr 000 0 spa d
020 _a9789993469148
040 _aDO-SdBNP
_bspa
_cBNPHU
_erda
041 _hspa
082 _axxxx
_bF727p
_222
100 1 _aFornerín, Miguel Ángel,
_d1960-
_eautor
_922504
245 1 4 _aLas palabras sublevadas /
_cMiguel Ángel Fornerín.
264 _aPuerto Rico :
_b[Miguel Ángel Fornerín],
_c2011.
300 _a178 páginas ;
_c23 cm
336 _ardacontent
_btexto
_2txt
337 _ardamedia
_bsin mediación
_2n
338 _ardacarrier
_bvolumen
_2nc
500 _aIncluye referencias bibliográficas y notas al pie de las páginas.
500 _aIncluye datos biográficos del autor en la solapa de la cubierta.
500 _aEsta obra se publica gracias al aporte del Fondo Institucional para el Desarrollo de la Investigación (FIDI) de la Universidad de Puerto Rico en Cayey
505 0 _aLas sublevaciones de Miguel Ángel Fornerín, Eugenio García Cuevas --
_tEl fin de la epicidad : autor y lector crítico de un poema decadentista --
_tEl caribe: puertas y ventanas a un vecindario sincrético --
_tCaribeños, la mirada dominicana de Edgardo Rodríguez Juliá --
_tEl Caribe contado por el cronista Edgardo Rodríguez Juliá --
_tComentarios y precisiones sobre el libro La evolución de la negritud literaria en República Dominicana de Dawn F. Stinchcomb --
_tHaití : miseria, negritud y masacre en Mi compadre el general Sol de Jacques Estéphen Alexis --
_rPensar al Caribe, para una discusión de lo caribeóo --
_tLos escenarios del tíguere (títere) --
_rEl efecto Enriquillo en la identidad del dominicano --
_tMiguel Enríquez : historias de un corsario que funda la mulatez en el Caribe --
_rLa negritud de Luis Palés Matos --
_tAlgunas consideraciones sobre La novela dominicana 1980-2009 de Avelino Stanley --
_tEl lenguaje en la novela dominicana a veinte amos de Sólo cenizas hallarás (bolero) --
_tEl nacimiento del narrador Frank Núñez en Adiós a la bohemia --
_tLa literatura en tránsito, la anticipación --
_tEn abril infancias mil de Maryse Renaud --
_tFamilia, etnicidad y heterotopía en El cuaderno granate de Maryse Renaud --
_tAmoricidio de Rey Emmanuel Andújar --
_tSujetos y predicados (El hijo de la mujer y diez cuentos más) de Eugenio García Cuevas --
_tLa persistencia del neorrealismo y la ciudad en Cóctel con frenesí de Emilia Pereyra --
_tNéstor Caro : el realismo social y la representación del campesino --
_tLa narrativa breve de Tomás López Ramírez en Cordial magia enemiga --
_tHistoria y mentalidad en En busca del pueblo dominicano de Juan José Ayuso --
_tLos desnudos de Juan Isidro Jimenes Grullón --
_tRubén Darío y la sacerdotista de Amón de Germán Espinoza --
_tEn el ferryboat un día cualquiera, alguien escribirá la historia de Alexis Gómez --
_tÁnjelamaría Dávila : una mujer dishilachada --
505 0 _aEl jíbaro de Nelson Miranda, un comentario liminar --
_tLa enseñanza de los clásicos, ¿es posible en la escuela de hoy?
586 _aPremio de ensayo " Pedro Heríquez Ureña" en su obra inédita: La escritura de Pedro Mir en 1995.
590 _aInventariado, 2025/DG
910 _aDG
942 _2ddc
_cLBS1
999 _c45516
_d45516